000 00672nam a2200205 4500
001 121662
003 ES-MaACL
005 20250804011345.0
007 t|
008 070214s1987 sp r ||||1| spa d
100 0 _aPlatón.
_992598
245 1 0 _aParménides /
_cPlatón ; traducción, prólogo y notas de Guillermo R. de Echandía.
260 _aMadrid :
_bAlianza,
_c1987.
300 _a151 p. ;
_c18 cm.
490 1 _aEl libro de bolsillo. Sec. Clásicos ;
_v1240
700 1 _aEchandía, Guillermo R. de.
_946491
830 0 3 _aEl libro de bolsillo.
_pClásicos
_v1240
_9179723
852 _aES-MaACL
_jL-12038
_bR.113740
999 _c121662
_d121662